Fr. Conceicao Rodrigues College of Engineering

Circuit design with VHDL (Record no. 34749)

MARC details
000 -LEADER
fixed length control field 00351nam a2200169Ia 4500
082 ## - DEWEY DECIMAL CLASSIFICATION NUMBER
Classification number 621.392
Item number PED
100 ## - MAIN ENTRY--PERSONAL NAME
Personal name Pedroni/Volnei A
245 ## - TITLE STATEMENT
Title Circuit design with VHDL
260 ## - PUBLICATION, DISTRIBUTION, ETC.
Name of publisher, distributor, etc. Prentice Hall of India
Date of publication, distribution, etc. 2009
366 ## - TRADE AVAILABILITY INFORMATION
Publishers's discount category 25
300 ## - PHYSICAL DESCRIPTION
Extent 363
546 ## - LANGUAGE NOTE
Language note ENGLISH
-- TTL
650 ## - SUBJECT ADDED ENTRY--TOPICAL TERM
Topical term or geographic name entry element VHDL
654 ## - SUBJECT ADDED ENTRY--FACETED TOPICAL TERMS
Focus term vhdl
942 ## - ADDED ENTRY ELEMENTS (KOHA)
Koha item type BOOK
Holdings
Withdrawn status Lost status Damaged status Not for loan Collection Home library Current library Date acquired Source of acquisition Cost, normal purchase price Inventory number Total Checkouts Full call number Barcode Date last seen Cost, replacement price Price effective from Koha item type
        CRC Fr. Agnel's C.Rodrigues College of Engineering Fr. Agnel's C.Rodrigues College of Engineering 17/03/2023 Professional Book House 262.50 001 dt 10/05/2010   621.392 PED 20493 17/03/2023 350.00   BOOK
        CRC Fr. Agnel's C.Rodrigues College of Engineering Fr. Agnel's C.Rodrigues College of Engineering 17/03/2023 Professional Book House 262.50 001 dt 10/05/2010   621.392 PED 20494 17/03/2023 350.00   BOOK
        CRC Fr. Agnel's C.Rodrigues College of Engineering Fr. Agnel's C.Rodrigues College of Engineering 17/03/2023 Professional Book House 262.50 001 dt 10/05/2010   621.392 PED 20495 17/03/2023 350.00   BOOK
        CRC Fr. Agnel's C.Rodrigues College of Engineering Fr. Agnel's C.Rodrigues College of Engineering 17/03/2023 Professional Book House 262.50 001 dt 10/05/2010   621.392 PED 20496 17/03/2023 350.00   BOOK
        CRC Fr. Agnel's C.Rodrigues College of Engineering Fr. Agnel's C.Rodrigues College of Engineering 17/03/2023 Professional Book House 262.50 001 dt 10/05/2010   621.392 PED 20497 17/03/2023 350.00   BOOK
        CRC Fr. Agnel's C.Rodrigues College of Engineering Fr. Agnel's C.Rodrigues College of Engineering 17/03/2023 Professional Book House 262.50 001 dt 10/05/2010   621.392 PED 20498 17/03/2023 350.00   BOOK
        CRC Fr. Agnel's C.Rodrigues College of Engineering Fr. Agnel's C.Rodrigues College of Engineering 17/03/2023 Professional Book House 262.50 001 dt 10/05/2010   621.392 PED 20499 17/03/2023 350.00   BOOK
        CRC Fr. Agnel's C.Rodrigues College of Engineering Fr. Agnel's C.Rodrigues College of Engineering 17/03/2023 Professional Book House 262.50 001 dt 10/05/2010   621.392 PED 20500 17/03/2023 350.00   BOOK
        CRC Fr. Agnel's C.Rodrigues College of Engineering Fr. Agnel's C.Rodrigues College of Engineering 17/03/2023 Professional Book House 262.50 001 dt 10/05/2010   621.392 PED 20501 17/03/2023 350.00   BOOK
        CRC Fr. Agnel's C.Rodrigues College of Engineering Fr. Agnel's C.Rodrigues College of Engineering 17/03/2023 Professional Book House 262.50 001 dt 10/05/2010   621.392 PED 20502 17/03/2023 350.00   Reference Book